000 00388nam a2200145 i 4500
001 bg
100 1 _aJAŁOCHA-KOCH, Hanna
245 0 _aOgólne wiadomości o konteneryzacji /
_cHanna Jałocha-Koch, Andrzej Jaanuszewski.
260 _aWarszawa,
_c1975.
700 1 _aJanuszewski, Andrzej
040 _cBPK
041 _apol
942 _cKS
008 s pl f |000 0 pol
999 _c18955
_d18955
856 _uhttp://koha.tu.koszalin.pl/cgi-bin/koha/opac-detail.pl?biblionumber=18955
_yKatalog online BPK